<?xml version="1.0" encoding="UTF-8"?>
<collection xmlns="http://www.loc.gov/MARC21/slim">
 <record>
  <leader>00824pamaa2200241   4500</leader>
  <controlfield tag="001">0000051683</controlfield>
  <controlfield tag="005">20130906090000.0</controlfield>
  <controlfield tag="008">130913s2013                             eng  </controlfield>
  <datafield tag="020" ind1="0" ind2="0">
   <subfield code="a">9780470671351 (pbk.) </subfield>
  </datafield>
  <datafield tag="090" ind1="0" ind2="0">
   <subfield code="a">RF46 </subfield>
   <subfield code="b">ABC 2013</subfield>
  </datafield>
  <datafield tag="245" ind1="1" ind2="0">
   <subfield code="a">ABC of ear, nose and throat  </subfield>
   <subfield code="c">edited by Harold Ludman, Patrick J. Bradley.</subfield>
  </datafield>
  <datafield tag="250" ind1="0" ind2="0">
   <subfield code="a">6th ed.</subfield>
  </datafield>
  <datafield tag="260" ind1="0" ind2="0">
   <subfield code="a">Malden, Mass.: </subfield>
   <subfield code="b">Blackwell Pub. : BMJ Books, </subfield>
   <subfield code="c">2013.</subfield>
  </datafield>
  <datafield tag="300" ind1=" " ind2=" ">
   <subfield code="a">ix, 151 p.: </subfield>
   <subfield code="b">ill. (chiefly col.); </subfield>
   <subfield code="c">28 cm.</subfield>
  </datafield>
  <datafield tag="440" ind1="0" ind2="0">
   <subfield code="a">ABC series</subfield>
  </datafield>
  <datafield tag="500" ind1="0" ind2="0">
   <subfield code="a">Rev. ed. of: ABC of otolaryngology / Harold Ludman. 1997</subfield>
  </datafield>
  <datafield tag="501" ind1="0" ind2="0">
   <subfield code="a">BPHTI</subfield>
  </datafield>
  <datafield tag="504" ind1="0" ind2="0">
   <subfield code="a">Includes bibliographical references and index</subfield>
  </datafield>
  <datafield tag="650" ind1="0" ind2="0">
   <subfield code="a">Otolaryngology </subfield>
  </datafield>
  <datafield tag="650" ind1="0" ind2="0">
   <subfield code="a">Otorhinolaryngologic Diseases </subfield>
  </datafield>
  <datafield tag="700" ind1="1" ind2="1">
   <subfield code="a">Ludman, </subfield>
   <subfield code="h">Harold </subfield>
  </datafield>
  <datafield tag="700" ind1="1" ind2="1">
   <subfield code="a">Bradley, </subfield>
   <subfield code="h">Patrick J. </subfield>
  </datafield>
  <datafield tag="901" ind1=" " ind2=" ">
   <subfield code="u">http://www.wiley.com</subfield>
  </datafield>
 </record>
</collection>
